XYZ Countries Quiz Stats

 Plays Quiz Updated Jul 2, 2018

Score 0/36 Timer 08:00
3 Plays Today
% Correct
Zimbabwe
87.8%
Yemen
83.9%
Zambia
83.1%
Mexico
75.8%
New Zealand
65.9%
Uzbekistan
65.3%
Italy
64.7%
Azerbaijan
64.2%
Paraguay
64%
Uruguay
63.9%
Germany
63.7%
Kazakhstan
63.6%
Egypt
62.7%
Luxembourg
62.6%
Brazil
62.5%
Kyrgyzstan
61.5%
Kyrgyzstan
61.5%
Turkey
61.3%
% Correct
Norway
60.1%
Venezuela
58.3%
Libya
58.2%
Switzerland
56.2%
Mozambique
55.7%
Syria
55.7%
Tanzania
55.6%
Hungary
55.4%
Czechia
55%
Belize
54%
Malaysia
52.2%
Guyana
51.2%
Cyprus
50%
Kenya
49.3%
Myanmar
48.6%
Bosnia and Herzegovina
45.3%
Seychelles
42.2%
Vatican City
33.5%

You're not logged in!

Compare scores with friends on all Sporcle quizzes.
OR
Log In

Sporcle TV

Today on Sporcle TV


Watch our educational content, quiz creation guides, and fun videos on Sporcle TV.

Show Comments

Extras

Top Quizzes Today


Score Distribution

Your Account Isn't Verified!

In order to create a playlist on Sporcle, you need to verify the email address you used during registration. Go to your Sporcle Settings to finish the process.

Report this User

Report this user for behavior that violates our Community Guidelines.

Details: